Маркетинг в малом бизнесе; Энергия молодых - экономике России; Ч. 2

Bibliographische Detailangaben
Parent link:Энергия молодых - экономике России: труды IX Международной научно-практической конференции студентов и молодых ученых, г. Томск, 19-22 мая 2008 г./ Томский политехнический университет (ТПУ) ; Вольное экономическое общество России ; Международный союз экономистов (МСЭ).— , 2008
Ч. 2.— 2008.— С. 137-139
1. Verfasser: Магрицкий И. В.
Weitere Verfasser: Косов В. Б. Владимир Борисович (научный руководитель)
Sprache:Russisch
Veröffentlicht: 2008
Schlagworte:
Format: Buchkapitel
KOHA link:https://koha.lib.tpu.ru/cgi-bin/koha/opac-detail.pl?biblionumber=159242

MARC

LEADER 00000naa2a2200000 4500
001 159242
005 20231031155000.0
035 |a (RuTPU)RU\TPU\book\172705 
090 |a 159242 
100 |a 20090507d2008 k y0rusy50 ca 
101 0 |a rus 
102 |a RU 
200 1 |a Маркетинг в малом бизнесе  |f И. В. Магрицкий  |g науч. рук. В. Б. Косов 
320 |a Библиогр.: 3 назв. 
461 1 |0 (RuTPU)RU\TPU\book\166087  |t Энергия молодых - экономике России  |o труды IX Международной научно-практической конференции студентов и молодых ученых, г. Томск, 19-22 мая 2008 г.  |f Томский политехнический университет (ТПУ) ; Вольное экономическое общество России ; Международный союз экономистов (МСЭ)  |d 2008 
463 1 |0 (RuTPU)RU\TPU\book\167192  |t Ч. 2  |v С. 137-139  |d 2008 
610 1 |a малый бизнес 
610 1 |a маркетинг 
610 1 |a конкуренция 
610 1 |a малые предприятия 
610 1 |a предпринимательство 
610 1 |a труды учёных ТПУ 
700 1 |a Магрицкий  |b И. В. 
702 1 |a Косов  |b В. Б.  |c экономист  |c старший преподаватель Томского политехнического университета  |f 1954-  |g Владимир Борисович  |2 stltpush  |3 (RuTPU)RU\TPU\pers\27888  |4 727 
801 1 |a RU  |b 63413507  |c 20090507  |g PSBO 
801 2 |a RU  |b 63413507  |c 20161122  |g PSBO 
942 |c BK